| 000 | 00808nam a22002295i 4500 | ||
|---|---|---|---|
| 001 | 48170 | ||
| 003 | ES-MaACL | ||
| 005 | 20230906161715.0 | ||
| 007 | t| | ||
| 008 | 950706s1894 fr ||||1| fre d | ||
| 040 |
_aCAM _bspa _cCAM |
||
| 100 | 1 |
_aCharrin, A. _938127 |
|
| 245 | 1 | 4 |
_aLes poisons de l'organisme / _cpar A. Charrin. |
| 260 |
_aParis : _bMasson et Cie : _bGauthier-Villars et fils, _c[189-] |
||
| 300 |
_a3 t. en 2 v. ; _c19 cm. |
||
| 490 | 1 | _aEncyclopédie scientifique des aide-mémoire | |
| 500 | _aPrefacio fechado en 1894. | ||
| 505 | 8 | _aContiene: t. 1. Poisons des tissus -- t. 2. Poisons de l'urine.- 2e ed. -- t. 3. Poisons du tube digestif.- 2e ed. | |
| 830 | 0 |
_aEncyclopédie scientifique des aide-mémoire _9188258 |
|
| 852 |
_aES-MaACL _jF-12760-1 |
||
| 999 |
_c48170 _d48170 |
||